000 00587nam a2200193Ia 4500
003 GCL
008 140319s9999 xx 000 0 ara d
020 _a0044309977
040 _aGCL /
_cGCL
082 0 4 _a811.9
_bا ا
100 1 _aاحمد تيمور
245 1 0 _aامراة من خزف وخرافة :
_bشعر /
_cاحمد تيمور
250 _aالاولى
260 _aالقاهرة :
_bدار الشروق ،
_c1999
300 _a167 ص ؛
_c18 سم
650 0 4 _aالشعر العربى
650 0 4 _aالشعر العربى - العصر الحديث
942 _2ddc
_cBK
999 _c146
_d146